| 000 | 00684nam a22001337a 4500 | ||
|---|---|---|---|
| 040 | _cRUA | ||
| 082 | _aAVM MAO 2018 B658 Or. | ||
| 100 | _aMAO CHANTHREA ម៉ៅ ចាន់ទ្រា | ||
| 245 | _agastro-intestinal parasite in cattle at yuthsamky commune, odong district, kompong speu province បរាសិតក្នុងក្រពះពោះវៀនគោ នៅឃុំយុទ្ឋសាមគ្គី ស្រុកឧដុង្គ ខេត្តកំពង់ស្ពឺ | ||
| 260 |
_aRUA _bPHNOM PENH |
||
| 300 |
_aix;41p _bill; _c29cm |
||
| 856 | _uhttps://drive.google.com/file/d/18A6uMUHVLHAnA6svlGmVZ7kvjsRgPlQ0/view?usp=sharing | ||
| 942 | _cAVM | ||
| 999 |
_c18901 _d18901 |
||